000 00658nam a2200205 a 4500
001 4948000
005 20260430104352.0
008 960822s1997 ctua b 001 0 eng
020 _a0697328945
020 _a9780697328946
050 0 0 _aGE105
_b.S67 1997
082 0 0 _a363.7
_221
245 0 0 _aSources :
_bnotable selections in environmental studies /
_cedited by Theodore D. Goldfarb.
250 _a1st ed.
260 _aGuilford, Ct :
_bDushkin Pub. Group/Brown & Benchmark Publishers,
_cc1997.
300 _axii, 352 p. :
_bill. ;
_c24 cm.
650 0 _aEnvironmental sciences.
700 1 _aGoldfarb, Theodore D.,
_d1935-
942 _2lcc
_cBK
_e1st Ed.
_n0
999 _c9720
_d9720